Henri VIII (Record no. 77345)

MARC details
000 -LEADER
campo de control de longitud fija 00716nam a2200217 i 4500
001 - NÚMERO DE CONTROL
campo de control 77345
003 - IDENTIFICADOR DE NÚMERO DE CONTROL
campo de control ES-MaACL
005 - FECHA Y HORA DE LA ÚLTIMA TRANSACCIÓN
campo de control 20251003195558.0
007 - CAMPO FIJO DE DESCRIPCIÓN FÍSICA--INFORMACIÓN GENERAL
campo de control de longitud fija t|
008 - DATOS DE LONGITUD FIJA--INFORMACIÓN GENERAL
campo de control de longitud fija 041008s1930 fr ||||1| fre d
100 1# - ENTRADA PRINCIPAL--NOMBRE DE PERSONA
Nombre de persona Hackett, Francis.
9 (RLIN) 61396
245 10 - MENCIÓN DEL TÍTULO
Título Henri VIII
Resto del título : (1491-1547) /
Mención de responsabilidad, etc. Francis Hackett ; traduit de l'anglais par S. Campaux.
260 ## - PUBLICACIÓN, DISTRIBUCIÓN, ETC.
Lugar de publicación, distribución, etc. Paris :
Nombre del editor, distribuidor, etc. Payot,
Fecha de publicación, distribución, etc. 1930 (
Lugar de fabricación/manufactura Saint-Denis :
Fabricante J. Berdaillón)
300 ## - DESCRIPCIÓN FÍSICA
Extensión XLII, 582 p. ;
Dimensiones 23 cm.
490 1# - MENCIÓN DE SERIE
Mención de serie Bibliothèque historique
600 07 - PUNTO DE ACCESO ADICIONAL DE MATERIA--NOMBRE DE PERSONA
Nombre de persona Enrique VIII,
Títulos y otros términos asociados al nombre Rey de Inglaterra,
Fechas asociadas al nombre 1491-1547
Fuente del encabezamiento o término
9 (RLIN) 126940
700 1# - ENTRADA AGREGADA--NOMBRE PERSONAL
Nombre de persona Campaux, Suzanne.
9 (RLIN) 34126
830 0# - PUNTO DE ACCESO ADICIONAL DE SERIE-TÍTULO UNIFORME
Título uniforme Bibliothèque historique
9 (RLIN) 180899
852 ## - LOCALIZACIÓN
Ubicación ES-MaACL
Número de control de estantería A-65
Holdings
Estatus retirado Estado de pérdida Estado de daño No para préstamo Biblioteca de origen Biblioteca actual Ubicación en estantería Fecha de adquisición Fuente de adquisición Total de préstamos Signatura topográfica completa Código de barras Visto por última vez Precio de reemplazo Tipo de ítem Koha
        Biblioteca del Ateneo de Madrid Biblioteca del Ateneo de Madrid Sala Pecera Planta 1 17/01/2008     A-65 1080926 23/02/2023 23/02/2023 Libro impreso